| 000 | 00426nam a2200181Ia 4500 | ||
|---|---|---|---|
| 001 | 14565 | ||
| 005 | 20260306164923.0 | ||
| 008 | 260306t1989||||xx |||||||||||||| ||spa|| | ||
| 041 | _aESP | ||
| 082 |
_a515.3 _bT27 |
||
| 100 |
_aTaylor, Angus E. _eAUT |
||
| 245 | 0 | _aFundamentos de cálculo avanzado | |
| 260 | _c1989 | ||
| 300 |
_a827 páginas : _c23 cm. |
||
| 650 | _aGEN | ||
| 654 | _aCMA | ||
| 942 |
_cLIB _dJUS _fJUS _2ddc _n |
||
| 999 |
_c14565 _d14565 |
||